000 00465nam a22001457a 4500
003 macl
005 20201009144229.0
008 180429b xxu||||| |||| 00| 0 eng d
040 _cmacl
100 _aजॉन स्‍टाइनबेक
_972488
245 _aलाल गुस्‍से के अंगूर
260 _aहरियाणा
_bआधार प्रकाशन
_c2015
650 _aउपन्‍यास
_972489
942 _2ddc
_cHIN
999 _c58051
_d58051